| 000 | 00988nam a22003017a 4500 | ||
|---|---|---|---|
| 001 | 7486 | ||
| 003 | FISKH | ||
| 005 | 20250815121222.0 | ||
| 008 | 250721b cb ||||| |||| 00| 0 eng d | ||
| 020 | _a030554041471 | ||
| 040 |
_aFISKH _beng _cFISKH _dFISKH |
||
| 050 | _aPE1127.S3 L434 | ||
| 082 | _a577 | ||
| 100 | _aKelley, Alden | ||
| 245 |
_aIt started as a seed/ _cWritten by Dr. Alden Kelley : Illustrated by Adjoa Burrowes |
||
| 260 |
_aCypress : _bCreative Teaching Press , _c1997. |
||
| 300 |
_a16 pages : _bcolor illustrations ; _c16 x 23 cm. |
||
| 490 |
_aLearn to read Learn Read to learn _vScience Series |
||
| 505 | _aD | ||
| 520 | _aWhat grows from a seed? See how a little seed can produce many things. | ||
| 521 | 8 |
_a160
_bLexile estimate |
|
| 521 | 8 |
_aD
_bRaz-Plus |
|
| 650 |
_aGardening _vNon-fiction |
||
| 650 |
_aPlants and seeds _vNon-fiction |
||
| 700 |
_aBurrowes, Asjoa _eIllustrator |
||
| 942 |
_2ddc _cBK _n0 |
||
| 999 |
_c7486 _d7486 |
||